000 00323 a2200157 4500
001 58271
020 _a97885808128709
040 _cAnchieta - Pituba
100 _aAzevedo, Aluísio
240 1 0 _aO mulato
_lpor
245 1 0 _aO mulato
300 _a295
362 0 _a2012
650 4 _aFicção brasileira
942 _cBK
999 _c58271
_d58271